[Event "Paris-ch op-B"]
[Site "Paris"]
[Date "2010.07.05"]
[Round "2"]
[White "Pauvert, Eric"]
[Black "Van Mulder, Eric"]
[Result "1-0"]
[WhiteElo "1710"]
[BlackElo "1872"]
[PlyCount "143"]
[EventDate "2010.07.03"]
[EventType "swiss"]
[EventRounds "9"]
[EventCountry "FRA"]
[SourceTitle "CBM 137 Extra"]
[Source "ChessBase"]
[SourceDate "2010.09.01"]
[SourceVersion "1"]
[SourceVersionDate "2010.09.01"]
[SourceQuality "1"]

1. e4 Nc6 2. Nf3 e5 3. Bb5 Nge7 4. 0-0 Ng6 5. c3 a6 6. Ba4 b5 7. Bb3 Na5 8. d4 Nxb3 9. axb3 exd4 10. Qxd4 Bb7 11. Be3 c5 12. Qd1 Bxe4 13. Re1 d5 14. Nbd2 f6 15. Nxe4 dxe4 16. Nd2 f5 17. f3 Qd3 18. fxe4 f4 19. Bf2 Rd8 20. Nf3 Be7 21. Qxd3 Rxd3 22. Rxa6 0-0 23. Rea1 Rfd8 24. Ra8 Kf7 25. Rxd8 Rxd8 26. Kf1 b4 27. Ke2 bxc3 28. bxc3 Rb8 29. Rb1 Ke6 30. Kd3 Kd6 31. Kc4 Kc6 32. b4 cxb4 33. cxb4 Ra8 34. Rb2 Ra4 35. Nd4+ Kb7 36. Kb5 Ra8 37. Nc6 Bf6 38. Rc2 Re8 39. Na5+ Kb8 40. Nc6+ Kb7 41. Bb6 Ne5 42. Na5+ Ka8 43. Rc7 Bd8 44. Ra7+ Kb8 45. Rb7+ Ka8 46. Bxd8 Rxd8 47. Rxg7 Rb8+ 48. Ka4 Rh8 49. b5 h5 50. Nc6 Nxc6 51. bxc6 h4 52. Rf7 h3 53. gxh3 Rxh3 54. Rxf4 Rxh2 55. Kb5 Rb2+ 56. Kc5 Rc2+ 57. Kd6 Rd2+ 58. Kc7 Ka7 59. e5 Ka6 60. e6 Re2 61. Kd7 Kb6 62. e7 Rd2+ 63. Ke8 Kxc6 64. Kf8 Kc7 65. Rc4+ Kd6 66. e8Q Rf2+ 67. Kg7 Rg2+ 68. Qg6+ Ke5 69. Qxg2 Kd6 70. Qc6+ Ke7 71. Re4+ Kd8 72. Re8# 1-0